[Event "I HSL seniorke 2019"]
[Site "Mali Losinj"]
[Date "2019.10.02"]
[Round "6.24"]
[White "Okanovic, Jasmina"]
[Black "Alaber, Maja"]
[Result "1/2-1/2"]
[WhiteElo "1633"]
[BlackElo "1494"]
[PlyCount "84"]
[EventDate "2019.09.28"]
[WhiteTeam "ŠK Kastav, Kastav"]
[BlackTeam "ŠK Ericsson Nikola Tesla, Zagreb"]

1. d4 g6 2. Bf4 d6 3. Nf3 Bg7 4. h3 Nf6 5. e3 O-O 6. Bc4 Ne4 7. c3 d5 8. Bb3 c6
9. Nbd2 Nf6 10. Ne5 Nbd7 11. Ndf3 Ne4 12. Nxd7 Bxd7 13. Nd2 f5 14. Nf3 e6 15.
Qc2 a5 16. Ne5 b5 17. a4 Nd6 18. Nxg6 hxg6 19. Bxd6 Rf7 20. Bg3 Bf6 21. h4 Rh7
22. O-O-O Bxh4 23. Bxh4 Rxh4 24. Rxh4 Qxh4 25. g3 Qh2 26. Qe2 Qg2 27. Qe1 Qf3
28. Qg1 Rb8 29. Rd2 Qh5 30. Bd1 Qh6 31. f4 Qf8 32. Rh2 Kf7 33. Qh1 Ke7 34. Rh7+
Kd6 35. Qh4 b4 36. cxb4 Rxb4 37. b3 Rb7 38. Qg5 Rc7 39. Kb2 Bc8 40. Qxg6 Rxh7
41. Qxh7 Qe7 42. Qxe7+ Kxe7 1/2-1/2

[Event "I HSL seniorke 2019"]
[Site "Mali Losinj"]
[Date "2019.10.02"]
[Round "6.31"]
[White "Ivekovic, Ana"]
[Black "Repkova, Eva"]
[Result "1/2-1/2"]
[WhiteElo "2054"]
[BlackElo "2315"]
[PlyCount "72"]
[EventDate "2019.09.28"]
[WhiteTeam "ŠD Sisak, Sisak"]
[BlackTeam "ŠK Polet, Buševec"]

1. d4 d5 2. c4 e6 3. Nf3 Nf6 4. Nc3 Be7 5. cxd5 exd5 6. Bg5 O-O 7. e3 c6 8. Bd3
Ne4 9. Bxe7 Qxe7 10. Qc2 f5 11. Ne5 Nd7 12. Nxd7 Bxd7 13. O-O Rf6 14. Rfe1 Rh6
15. g3 Rf8 16. f3 Ng5 17. Qg2 Re6 18. Nd1 f4 19. h4 Nf7 20. gxf4 Nd6 21. Qg5
Qe8 22. Kf2 h6 23. Qg3 Nf5 24. Bxf5 Rxf5 25. Nc3 Qf8 26. Rg1 Qf6 27. Rg2 Rh5
28. Rag1 Re7 29. Rh2 c5 30. Qg6 Qxg6 31. Rxg6 cxd4 32. exd4 Rf5 33. Rhg2 Bc6
34. Rxh6 Rxf4 35. Ne2 Rf8 36. Rhg6 Kh7 1/2-1/2

[Event "I HSL seniorke 2019"]
[Site "Mali Losinj"]
[Date "2019.10.02"]
[Round "6.41"]
[White "Eric, Jovana"]
[Black "Havanecz, Bianka"]
[Result "1-0"]
[WhiteElo "2270"]
[BlackElo "2279"]
[PlyCount "83"]
[EventDate "2019.09.28"]
[WhiteTeam "ŠK Đakovo-Lim-Mont, Đakovo"]
[BlackTeam "HAŠK Mladost, Zagreb"]

1. e4 c6 2. Nf3 d5 3. exd5 cxd5 4. Ne5 Nf6 5. d4 g6 6. h4 h5 7. Bd3 Bg7 8. c3
Nbd7 9. Bf4 a6 10. Nd2 Nxe5 11. dxe5 Ng4 12. Qe2 e6 13. O-O-O Qa5 14. Kb1 Bd7
15. f3 Nh6 16. c4 Bc6 17. cxd5 Bxd5 18. Bc4 Bc6 19. Ne4 Nf5 20. g4 Ne7 21. Nd6+
Kf8 22. Rhf1 Nd5 23. Bd2 Qd8 24. Bg5 Qa5 25. Bb3 Kg8 26. Rg1 Qb6 27. gxh5 Rxh5
28. f4 Rh7 29. f5 gxf5 30. Bxd5 Bxd5 31. Bf6 Kf8 32. Bxg7+ Rxg7 33. Rxg7 Kxg7
34. Qh5 Qe3 35. Qxf7+ Kh8 36. Qf6+ Kh7 37. Nf7 Rg8 38. Ng5+ Rxg5 39. hxg5 Qe4+
40. Ka1 Qa4 41. g6+ Kh6 42. Qh8+ 1-0

[Event "I HSL seniorke 2019"]
[Site "Mali Losinj"]
[Date "2019.10.02"]
[Round "6.42"]
[White "Blazeka, Mihaela"]
[Black "Sulc, Gordana"]
[Result "1/2-1/2"]
[WhiteElo "2092"]
[BlackElo "1882"]
[PlyCount "61"]
[EventDate "2019.09.28"]
[WhiteTeam "HAŠK Mladost, Zagreb"]
[BlackTeam "ŠK Đakovo-Lim-Mont, Đakovo"]

1. e4 c5 2. Nf3 a6 3. c4 e6 4. Nc3 Qc7 5. d4 cxd4 6. Nxd4 Nf6 7. f3 d6 8. Be3
Nbd7 9. Rc1 Be7 10. Be2 O-O 11. O-O b6 12. Qe1 Re8 13. Qf2 Bb7 14. Rfd1 Rac8
15. b3 Qb8 16. g4 g6 17. g5 Nh5 18. f4 Ng7 19. f5 e5 20. f6 exd4 21. Bxd4 Bd8
22. fxg7 Nc5 23. Bxc5 Rxc5 24. h4 Bxe4 25. Bg4 Rce5 26. Re1 b5 27. Kh2 bxc4 28.
bxc4 d5 29. Kh3 Bb6 30. c5 Bd8 31. c6 1/2-1/2

[Event "I HSL seniorke 2019"]
[Site "Mali Losinj"]
[Date "2019.10.02"]
[Round "6.43"]
[White "Mican, Karmela"]
[Black "Ljikar, Tamara"]
[Result "1-0"]
[WhiteElo "1885"]
[BlackElo "1917"]
[PlyCount "61"]
[EventDate "2019.09.28"]
[WhiteTeam "ŠK Đakovo-Lim-Mont, Đakovo"]
[BlackTeam "HAŠK Mladost, Zagreb"]

1. e4 c5 2. Nf3 e6 3. d4 cxd4 4. Nxd4 a6 5. Nc3 Nc6 6. Be2 Qc7 7. O-O Nf6 8.
Kh1 Bb4 9. Bg5 b6 10. f4 Bb7 11. a3 Bxc3 12. Bxf6 Bxb2 13. Nxe6 dxe6 14. Bxb2
Rd8 15. Qe1 Nd4 16. Bxd4 Rxd4 17. Bd3 O-O 18. Qe3 Qc3 19. Rae1 Rfd8 20. h3 Qxa3
21. f5 exf5 22. exf5 Qc5 23. f6 gxf6 24. Rxf6 Rxd3 25. cxd3 Qd5 26. Re2 b5 27.
Ref2 Qxd3 28. Qg5+ Kh8 29. Rxf7 Qd1+ 30. Rf1 Qxf1+ 31. Rxf1 1-0

[Event "I HSL seniorke 2019"]
[Site "Mali Losinj"]
[Date "2019.10.02"]
[Round "6.44"]
[White "Balent, Sara"]
[Black "Ascic, Josipa"]
[Result "1/2-1/2"]
[WhiteElo "1132"]
[BlackElo "1692"]
[PlyCount "88"]
[EventDate "2019.09.28"]
[WhiteTeam "HAŠK Mladost, Zagreb"]
[BlackTeam "ŠK Đakovo-Lim-Mont, Đakovo"]

1. e4 c5 2. Nf3 Nc6 3. d4 cxd4 4. Nxd4 e5 5. Nb3 Nf6 6. Bd3 Be7 7. Nc3 O-O 8.
O-O a6 9. Be3 d6 10. f3 Nb4 11. Re1 Nxd3 12. Qxd3 Qc7 13. Rad1 Be6 14. Qe2 Nd7
15. Rd2 Nc5 16. Nxc5 dxc5 17. Nd5 Bxd5 18. Rxd5 Rfd8 19. Red1 Rxd5 20. Rxd5 Rd8
21. Qd2 Rxd5 22. Qxd5 h6 23. Qc4 b5 24. Qc3 c4 25. Qd2 Bc5 26. Kf1 Qd6 27. Qxd6
Bxd6 28. Bd2 Kf8 29. a3 Ke7 30. Bc3 f6 31. Kf2 Bc5+ 32. Kg3 Bd4 33. Bb4+ Ke6
34. b3 cxb3 35. cxb3 Be3 36. Kg4 g6 37. Kh3 f5 38. Kh4 Bg5+ 39. Kh3 Be7 40.
Bxe7 Kxe7 41. Kg3 Kd6 42. Kf2 Kc5 43. Ke3 a5 44. Kd3 f4 1/2-1/2

[Event "I HSL seniorke 2019"]
[Site "Mali Losinj"]
[Date "2019.10.02"]
[Round "6.51"]
[White "Janzelj, Lara"]
[Black "Krivec, Jana"]
[Result "1/2-1/2"]
[WhiteElo "2159"]
[BlackElo "2203"]
[PlyCount "62"]
[EventDate "2019.09.28"]
[WhiteTeam "ŠŠK Konaki, Novo Virje"]
[BlackTeam "ŠK Goranka, Ravna Gora"]

1. d4 d5 2. c4 dxc4 3. Nf3 Nf6 4. e3 e6 5. Bxc4 a6 6. O-O c5 7. dxc5 Qxd1 8.
Rxd1 Bxc5 9. Be2 O-O 10. b3 Nbd7 11. Bb2 b6 12. Nc3 b5 13. Rac1 Bb6 14. Nd4 Bb7
15. Bf3 Bxf3 16. Nxf3 Rfd8 17. Ne2 Nc5 18. Ne5 Rxd1+ 19. Rxd1 Rd8 20. Rxd8+
Bxd8 21. Bd4 Nfd7 22. Nxd7 Nxd7 23. f3 f6 24. e4 e5 25. Be3 Kf7 26. Kf2 Bb6 27.
Bxb6 Nxb6 28. Ke3 Ke6 29. Nc3 Kd6 30. Kd3 Kc5 31. a3 Kd6 1/2-1/2

[Event "I HSL seniorke 2019"]
[Site "Mali Losinj"]
[Date "2019.10.02"]
[Round "6.52"]
[White "Starcevic, Andrea"]
[Black "Svaljek, Radmila"]
[Result "1/2-1/2"]
[WhiteElo "1888"]
[BlackElo "1950"]
[PlyCount "68"]
[EventDate "2019.09.28"]
[WhiteTeam "ŠK Goranka, Ravna Gora"]
[BlackTeam "ŠŠK Konaki, Novo Virje"]

1. d4 e6 2. Nf3 d5 3. Bf4 Nf6 4. e3 Be7 5. Bd3 Nbd7 6. O-O O-O 7. Ne5 c5 8. c3
Re8 9. Nd2 Nf8 10. b3 a6 11. Qc2 Nh5 12. Bg3 Nxg3 13. fxg3 f6 14. Nef3 Qb6 15.
Kh1 Bd7 16. e4 dxe4 17. Bxe4 cxd4 18. Nxd4 Rac8 19. Qd3 Qc7 20. Rac1 f5 21. Bf3
Bf6 22. Ne2 Red8 23. Qc2 Ng6 24. Rfe1 Ne5 25. Nd4 b5 26. Re3 Qb6 27. Qd1 Nxf3
28. N2xf3 e5 29. Nxe5 Bg5 30. Nxd7 Rxd7 31. Re6 Qd8 32. Rb1 Bf6 33. Qe2 Bxd4
34. cxd4 Rxd4 1/2-1/2

[Event "I HSL seniorke 2019"]
[Site "Mali Losinj"]
[Date "2019.10.02"]
[Round "6.53"]
[White "Radikovic, Anamarija"]
[Black "Klaric, Nikolina"]
[Result "1-0"]
[WhiteElo "1929"]
[BlackElo "1731"]
[PlyCount "101"]
[EventDate "2019.09.28"]
[WhiteTeam "ŠŠK Konaki, Novo Virje"]
[BlackTeam "ŠK Goranka, Ravna Gora"]

1. d4 d5 2. c4 e6 3. Nc3 Nf6 4. cxd5 exd5 5. Bg5 c6 6. Qc2 Nbd7 7. e3 h6 8. Bh4
Be7 9. Bd3 O-O 10. Nge2 Re8 11. O-O Ne4 12. Bxe7 Qxe7 13. Rae1 Ndf6 14. f3 Nxc3
15. Nxc3 Qd6 16. Qf2 Be6 17. Ne2 c5 18. dxc5 Qxc5 19. Nd4 Qb6 20. Rc1 Rac8 21.
Kh1 a6 22. Qd2 Rxc1 23. Rxc1 Rc8 24. Rxc8+ Bxc8 25. Qc3 Bd7 26. Bc2 Qd6 27. Nb3
b6 28. Nd4 g6 29. Bd3 b5 30. Nb3 Qe7 31. Qd4 a5 32. Nxa5 Qe6 33. Nb3 Qa6 34. a3
Kg7 35. Nc5 Qa5 36. h3 Bxh3 37. b4 Qxa3 38. gxh3 Qc1+ 39. Kg2 Qd2+ 40. Kf1 Qd1+
41. Kf2 Qh1 42. Bf1 Qh2+ 43. Bg2 Qd6 44. Ne4 Qc6 45. Qxf6+ Qxf6 46. Nxf6 Kxf6
47. Bf1 Ke6 48. Bxb5 Kd6 49. Be8 Ke7 50. Bc6 g5 51. Bxd5 1-0

[Event "I HSL seniorke 2019"]
[Site "Mali Losinj"]
[Date "2019.10.02"]
[Round "6.54"]
[White "Batory, Lucija"]
[Black "Muha, Magdalena"]
[Result "1-0"]
[WhiteElo "1683"]
[BlackElo "1736"]
[PlyCount "139"]
[EventDate "2019.09.28"]
[WhiteTeam "ŠK Goranka, Ravna Gora"]
[BlackTeam "ŠŠK Konaki, Novo Virje"]

1. e4 e6 2. Nc3 d5 3. Nf3 Nf6 4. e5 Nfd7 5. d4 c5 6. Bf4 a6 7. dxc5 Bxc5 8. Bd3
Nc6 9. O-O b5 10. a3 Qc7 11. Re1 Bb7 12. Na2 Nb6 13. b4 Be7 14. Nc1 h6 15. Nb3
g5 16. Bg3 h5 17. h3 g4 18. hxg4 hxg4 19. Nh2 Bh4 20. Qxg4 Bxg3 21. Qxg3 O-O-O
22. Nc5 Rdg8 23. Qf4 Rh5 24. Nf1 Nxe5 25. Ng3 Rhg5 26. Bf1 Bc6 27. Nxa6 Qd6 28.
Rad1 Nbd7 29. Ne4 dxe4 30. Rxd6 Nf3+ 31. Qxf3 exf3 32. Rxc6+ Kb7 33. Rc7+ Kxa6
34. Rxd7 fxg2 35. Bxg2 Rxg2+ 36. Kf1 Rg1+ 37. Ke2 Rxe1+ 38. Kxe1 Rg1+ 39. Ke2
Rg7 40. Rc7 Kb6 41. Rc5 Rg4 42. Ke3 f6 43. Rc3 e5 44. f3 Rh4 45. Kf2 Rd4 46.
Kg3 Rf4 47. Kf2 Rh4 48. Ke3 Rf4 49. Rc8 Rd4 50. Re8 Rd6 51. c3 Kb7 52. Rf8 Ra6
53. Kd3 Rd6+ 54. Kc2 Rc6 55. Kb3 Ka7 56. Rf7+ Kb8 57. Rd7 Kc8 58. Rd5 Rb6 59.
c4 bxc4+ 60. Kxc4 Kc7 61. a4 Re6 62. a5 e4 63. fxe4 Rxe4+ 64. Kb5 Re6 65. Kc4
Kb7 66. b5 Re4+ 67. Kc5 Ra4 68. a6+ Ka7 69. Rd7+ Ka8 70. Kb6 1-0

[Event "I HSL seniorke 2019"]
[Site "Mali Losinj"]
[Date "2019.10.03"]
[Round "7.21"]
[White "Havanecz, Bianka"]
[Black "Janzelj, Lara"]
[Result "0-1"]
[WhiteElo "2279"]
[BlackElo "2159"]
[PlyCount "78"]
[EventDate "2019.09.28"]
[WhiteTeam "HAŠK Mladost, Zagreb"]
[BlackTeam "ŠŠK Konaki, Novo Virje"]

1. d4 d5 2. c4 dxc4 3. e3 b5 4. a4 b4 5. Bxc4 Bb7 6. Nf3 Nf6 7. Nbd2 e6 8. O-O
Be7 9. Qe2 O-O 10. e4 c5 11. e5 Nd5 12. Ne4 cxd4 13. Bd3 Nd7 14. Neg5 g6 15. h4
Nc5 16. Rd1 Nb3 17. Rb1 Nxc1 18. Rbxc1 Nf4 19. Qd2 Bxg5 20. Nxg5 Nxg2 21. Be4
Bxe4 22. Nxe4 Nxh4 23. Qf4 Nf5 24. Nf6+ Kg7 25. Rc4 h6 26. Rcxd4 Qa5 27. Nd7
Rfd8 28. Rxb4 g5 29. Qe4 Rac8 30. Rb5 Qc7 31. Rb7 Qa5 32. Rb5 Qa6 33. Rd3 Rc1+
34. Kh2 Qc8 35. Nf6 Qc2 36. Rf3 Qd1 37. Rg3 Rd2 38. Ng4 Nxg3 39. Kxg3 Rd4 0-1

[Event "I HSL seniorke 2019"]
[Site "Mali Losinj"]
[Date "2019.10.03"]
[Round "7.22"]
[White "Svaljek, Radmila"]
[Black "Blazeka, Mihaela"]
[Result "1/2-1/2"]
[WhiteElo "1950"]
[BlackElo "2092"]
[PlyCount "99"]
[EventDate "2019.09.28"]
[WhiteTeam "ŠŠK Konaki, Novo Virje"]
[BlackTeam "HAŠK Mladost, Zagreb"]

1. d4 Nf6 2. Nf3 e6 3. Bg5 Be7 4. e3 b6 5. Bd3 Bb7 6. O-O Ne4 7. Bxe7 Qxe7 8.
Nbd2 f5 9. c4 d6 10. Qc2 Nxd2 11. Nxd2 Qg5 12. e4 O-O 13. d5 f4 14. Nf3 Qh5 15.
Be2 Qg6 16. Rac1 e5 17. b4 Nd7 18. Nh4 Qg5 19. Nf3 Qe7 20. h3 Kh8 21. Nh2 g5
22. Bg4 Nf6 23. Be6 Bc8 24. Bxc8 Raxc8 25. c5 Qd7 26. Qe2 h5 27. f3 c6 28. dxc6
Rxc6 29. cxd6 Qxd6 30. Rxc6 Qxc6 31. h4 gxh4 32. Qf2 Rg8 33. Qxh4 Kh7 34. Ng4
Nxg4 35. fxg4 Qg6 36. Qe7+ Rg7 37. Qxe5 Qxg4 38. Qf5+ Qxf5 39. exf5 Rg4 40. Kf2
Kh6 41. Rd1 Rg7 42. a4 Kg5 43. Rd5 Rf7 44. f6+ Kg6 45. a5 Rxf6 46. a6 b5 47.
Rxb5 Rxa6 48. Kf3 Rf6 49. Ra5 Rf7 50. Rb5 1/2-1/2

[Event "I HSL seniorke 2019"]
[Site "Mali Losinj"]
[Date "2019.10.03"]
[Round "7.23"]
[White "Ljikar, Tamara"]
[Black "Radikovic, Anamarija"]
[Result "1/2-1/2"]
[WhiteElo "1917"]
[BlackElo "1929"]
[PlyCount "84"]
[EventDate "2019.09.28"]
[WhiteTeam "HAŠK Mladost, Zagreb"]
[BlackTeam "ŠŠK Konaki, Novo Virje"]

1. e4 c5 2. Nf3 d6 3. d4 cxd4 4. Nxd4 Nf6 5. f3 e5 6. Nb3 d5 7. Bg5 d4 8. c3
Nc6 9. Bb5 Qb6 10. Bxc6+ bxc6 11. cxd4 Ba6 12. dxe5 Bb4+ 13. Nc3 h6 14. exf6
hxg5 15. Qd4 gxf6 16. O-O-O Be7 17. e5 Rd8 18. Qxb6 Rxd1+ 19. Rxd1 axb6 20.
exf6 Bxf6 21. Ne4 Be7 22. h3 Rh6 23. Nd4 Bc8 24. Ng3 Rf6 25. Re1 Kf8 26. Kc2
Bd7 27. Re5 Bd6 28. Rxg5 Bf4 29. Ne4 Bxg5 30. Nxg5 Rg6 31. h4 c5 32. Ne2 f6 33.
Nf4 Bf5+ 34. Kc3 Rh6 35. Nge6+ Bxe6 36. Nxe6+ Kf7 37. Nf4 Rxh4 38. Nd5 b5 39.
Nc7 b4+ 40. Kb3 Rd4 41. Na6 Rd2 42. Nxc5 Rxg2 1/2-1/2

[Event "I HSL seniorke 2019"]
[Site "Mali Losinj"]
[Date "2019.10.03"]
[Round "7.24"]
[White "Koksa, Jelena"]
[Black "Balent, Sara"]
[Result "1-0"]
[WhiteElo "1832"]
[BlackElo "1132"]
[PlyCount "43"]
[EventDate "2019.09.28"]
[WhiteTeam "ŠŠK Konaki, Novo Virje"]
[BlackTeam "HAŠK Mladost, Zagreb"]

1. e4 e5 2. Nf3 Nc6 3. d4 exd4 4. Nxd4 Nf6 5. Nxc6 bxc6 6. Bd3 d5 7. exd5 cxd5
8. O-O c6 9. c4 g6 10. Re1+ Be6 11. Qa4 Qd7 12. Nc3 Bg7 13. cxd5 Nxd5 14. Nxd5
Qxd5 15. Be4 Qd6 16. Bf4 Qd4 17. Bxc6+ Ke7 18. Bg5+ Kf8 19. Qxd4 Bxd4 20. Bxa8
Kg7 21. Rad1 Bxb2 22. Bd5 1-0

[Event "I HSL seniorke 2019"]
[Site "Mali Losinj"]
[Date "2019.10.03"]
[Round "7.31"]
[White "Repkova, Eva"]
[Black "Eric, Jovana"]
[Result "1-0"]
[WhiteElo "2315"]
[BlackElo "2270"]
[PlyCount "71"]
[EventDate "2019.09.28"]
[WhiteTeam "ŠK Polet, Buševec"]
[BlackTeam "ŠK Ðakovo-Lim-Mont, Ðakovo"]

1. e4 c5 2. Nf3 d6 3. d4 cxd4 4. Nxd4 Nf6 5. Nc3 a6 6. g3 e5 7. Nde2 Be6 8. Bg2
h5 9. h3 Nbd7 10. a4 Rc8 11. Bg5 Qc7 12. O-O Be7 13. Qd2 Bc4 14. b3 Bxe2 15.
Nxe2 Nc5 16. Bxf6 Bxf6 17. Rab1 Ne6 18. c4 h4 19. Nc3 hxg3 20. fxg3 Qc5+ 21.
Kh2 Bg5 22. Qd1 Rc7 23. Nd5 Rd7 24. h4 Qd4 25. Qg4 Bd8 26. Bh3 Rh6 27. Qf3 Kf8
28. Rf2 Kg8 29. Rbf1 Qc5 30. Bxe6 Rxe6 31. Qg4 Qd4 32. Rxf7 Rxf7 33. Qxe6 Qd2+
34. Kh3 Bf6 35. Nxf6+ gxf6 36. Rxf6 1-0

[Event "I HSL seniorke 2019"]
[Site "Mali Losinj"]
[Date "2019.10.03"]
[Round "7.51"]
[White "Salimova, Nurgyul"]
[Black "Smetisko, Marija"]
[Result "1-0"]
[WhiteElo "2425"]
[BlackElo "1845"]
[PlyCount "61"]
[EventDate "2019.09.28"]
[WhiteTeam "ŠK Liburnija, Rijeka"]
[BlackTeam "ŠK Ericsson Nikola Tesla, Zagreb"]

1. e4 e5 2. Nf3 Nc6 3. Bc4 Bc5 4. O-O Nf6 5. d3 d6 6. c3 h6 7. a4 a6 8. Na3 O-O
9. h3 Re8 10. b4 Bb6 11. Qb3 Be6 12. Bxe6 Rxe6 13. Nc4 Ba7 14. b5 axb5 15. axb5
Bxf2+ 16. Kxf2 Rxa1 17. bxc6 Ra7 18. Be3 b6 19. Kg1 Qa8 20. Qb5 Ra2 21. Nfd2
Qa4 22. Qxa4 Rxa4 23. Bxb6 d5 24. Rxf6 gxf6 25. exd5 Re7 26. d6 cxd6 27. Nxd6
Ra6 28. c7 Rxc7 29. Bxc7 Rc6 30. Nb5 Rc5 31. c4 1-0

[Event "I HSL seniorke 2019"]
[Site "Mali Losinj"]
[Date "2019.10.03"]
[Round "7.52"]
[White "Vodopija, Irina"]
[Black "Saric, Kristina"]
[Result "0-1"]
[WhiteElo "1704"]
[BlackElo "2222"]
[PlyCount "52"]
[EventDate "2019.09.28"]
[WhiteTeam "ŠK Ericsson Nikola Tesla, Zagreb"]
[BlackTeam "ŠK Liburnija, Rijeka"]

1. d4 Nf6 2. Nf3 d5 3. Bf4 c5 4. c3 Nc6 5. h3 Qb6 6. Bc1 Bf5 7. e3 e6 8. Bd3
Ne4 9. Nh4 c4 10. Bc2 Bd6 11. Nxf5 exf5 12. Bxe4 fxe4 13. O-O O-O 14. f4 Ne7
15. f5 Bc7 16. f6 gxf6 17. Qg4+ Ng6 18. h4 Qd6 19. Rf4 Kh8 20. Rf5 Rg8 21. Qh3
Qe6 22. Rf2 Qxh3 23. gxh3 Nf4+ 24. Kf1 Nd3 25. Rc2 Rg3 26. b3 Rag8 0-1

[Event "I HSL seniorke 2019"]
[Site "Mali Losinj"]
[Date "2019.10.03"]
[Round "7.53"]
[White "Ivekovic, Tihana"]
[Black "Alaber, Maja"]
[Result "1-0"]
[WhiteElo "2131"]
[BlackElo "1494"]
[PlyCount "59"]
[EventDate "2019.09.28"]
[WhiteTeam "ŠK Liburnija, Rijeka"]
[BlackTeam "ŠK Ericsson Nikola Tesla, Zagreb"]

1. d4 g6 2. c4 Bg7 3. g3 d6 4. Bg2 Nd7 5. Nf3 Ngf6 6. O-O O-O 7. Nc3 c5 8. d5
Nb6 9. Qd3 Rb8 10. Ne1 Ng4 11. f4 e5 12. h3 Nf6 13. e4 exf4 14. gxf4 Nh5 15.
Nf3 Bh6 16. Ne2 f5 17. e5 dxe5 18. fxe5 Bg7 19. Qc2 f4 20. e6 Qe7 21. a4 a6 22.
a5 Na8 23. Bd2 b6 24. Bc3 g5 25. Ne5 Qe8 26. Rad1 bxa5 27. Nf7 Qe7 28. Be4 Nf6
29. Bxf6 Rxf7 30. Bxe7 1-0

[Event "I HSL seniorke 2019"]
[Site "Mali Losinj"]
[Date "2019.10.03"]
[Round "7.54"]
[White "Smetisko, Renata"]
[Black "Vujnovic, Patricija"]
[Result "0-1"]
[WhiteElo "1253"]
[BlackElo "2052"]
[PlyCount "64"]
[EventDate "2019.09.28"]
[WhiteTeam "ŠK Ericsson Nikola Tesla, Zagreb"]
[BlackTeam "ŠK Liburnija, Rijeka"]

1. e4 Nf6 2. Nc3 d5 3. exd5 Nxd5 4. Nxd5 Qxd5 5. Nf3 Bg4 6. Be2 Nc6 7. O-O e6
8. h3 Bh5 9. d4 Be7 10. c4 Qd6 11. d5 Nd8 12. Nd4 Bxe2 13. Qxe2 O-O 14. b4 Bf6
15. Qg4 Qxb4 16. dxe6 fxe6 17. Nxe6 Nxe6 18. Qxe6+ Kh8 19. Ba3 Qxa3 20. Rab1 b6
21. Rfe1 Qd6 22. Qe4 Bd4 23. Re2 Qg6 24. Qxd4 Qxb1+ 25. Kh2 Qf5 26. Kg1 Rad8
27. Qa1 h6 28. Kh1 Qd3 29. Re1 Qd4 30. Qb1 Qxf2 31. Qc1 Rd2 32. a3 Qxg2# 0-1

[Event "I HSL seniorke 2019"]
[Site "Mali Losinj"]
[Date "2019.10.04"]
[Round "8.31"]
[White "Eric, Jovana"]
[Black "Lukenda, Tina"]
[Result "1-0"]
[WhiteElo "2270"]
[BlackElo "2047"]
[PlyCount "135"]
[EventDate "2019.09.28"]
[WhiteTeam "ŠK Đakovo-Lim-Mont, Đakovo"]
[BlackTeam "ŠK Kastav, Kastav"]

1. e4 d5 2. exd5 Qxd5 3. Nc3 Qa5 4. Bc4 Nf6 5. d4 c6 6. Nf3 e6 7. Bd2 Qc7 8. a4
Bd6 9. Qe2 a6 10. Ne5 c5 11. Nf3 cxd4 12. Nxd4 O-O 13. O-O-O Nc6 14. Nxc6 Qxc6
15. Bg5 Be7 16. Kb1 Qc5 17. h4 b5 18. Bb3 bxa4 19. Nxa4 Qb4 20. g4 Rb8 21. Rhg1
Bb7 22. Nc3 Rfc8 23. Bd2 Ne4 24. Be1 Nxc3+ 25. Bxc3 Qe4 26. Qxe4 Bxe4 27. Rd4
Rxb3 28. Rxe4 Rb5 29. Bd4 Rc4 30. f3 Bxh4 31. Rd1 h6 32. b3 a5 33. Kc1 Rxb3 34.
Bf6 Rxe4 35. cxb3 Re3 36. Bxh4 Rxb3 37. Rf1 a4 38. Kc2 g5 39. Be1 Re3 40. Bd2
Re2 41. Kd3 Rg2 42. Ra1 f5 43. Rxa4 fxg4 44. fxg4 Kf7 45. Bc3 Rg3+ 46. Kc2 Kg6
47. Re4 Kf7 48. Kb3 Rg1 49. Kc4 Rf1 50. Bd2 Rd1 51. Kd3 Rg1 52. Be3 Rg2 53. Kd4
Ra2 54. Ke5 Ra5+ 55. Kd6 Rd5+ 56. Kc6 Ra5 57. Bc5 Ra2 58. Kd7 Rd2+ 59. Bd6 Ra2
60. Rc4 Ra7+ 61. Bc7 Ra2 62. Rd4 Re2 63. Rd3 Kg6 64. Ke7 h5 65. gxh5+ Kxh5 66.
Kf6 g4 67. Bg3 Rg2 68. Rd8 1-0

[Event "I HSL seniorke 2019"]
[Site "Mali Losinj"]
[Date "2019.10.04"]
[Round "8.32"]
[White "Dasic, Jelena"]
[Black "Sulc, Gordana"]
[Result "1/2-1/2"]
[WhiteElo "1768"]
[BlackElo "1882"]
[PlyCount "110"]
[EventDate "2019.09.28"]
[WhiteTeam "ŠK Kastav, Kastav"]
[BlackTeam "ŠK Đakovo-Lim-Mont, Đakovo"]

1. d4 Nf6 2. Bf4 d5 3. e3 c5 4. c3 Qb6 5. Qc2 Bf5 6. Qxf5 Nbd7 7. Qc2 Nh5 8.
Bg3 Rc8 9. Nf3 g6 10. Nbd2 Bg7 11. Qb3 c4 12. Qxb6 axb6 13. Be2 Nxg3 14. hxg3
b5 15. Bd1 Ra8 16. Bc2 f6 17. e4 e6 18. exd5 exd5 19. O-O Kf7 20. a4 bxa4 21.
Bxa4 Nb6 22. Bb5 Rac8 23. Ra7 Rc7 24. b3 Nc8 25. Ra3 Bf8 26. b4 Nd6 27. Ba4 Be7
28. Bc2 Nb5 29. Ra5 Nxc3 30. b5 b6 31. Ra6 Rb8 32. Re1 Bb4 33. Ba4 Ba5 34. Ra1
Re7 35. Kf1 h5 36. Ra3 Bb4 37. Ra1 g5 38. Bc2 Ba5 39. R1xa5 bxa5 40. Rxa5 Nxb5
41. Ba4 Nc7 42. Rc5 Ra8 43. Bc2 Ra2 44. Bb1 Rb2 45. Bf5 Ra2 46. Nb1 Ra1 47. Kg1
Na6 48. Rxd5 c3 49. Rb5 g4 50. Ne5+ fxe5 51. dxe5 Rc7 52. Bc2 Rc5 53. Rb3 Rxe5
54. Kh2 Re1 55. Rb7+ Kf6 1/2-1/2

[Event "I HSL seniorke 2019"]
[Site "Mali Losinj"]
[Date "2019.10.04"]
[Round "8.33"]
[White "Mican, Karmela"]
[Black "Vujic, Agata"]
[Result "1-0"]
[WhiteElo "1885"]
[BlackElo "1714"]
[PlyCount "39"]
[EventDate "2019.09.28"]
[WhiteTeam "ŠK Đakovo-Lim-Mont, Đakovo"]
[BlackTeam "ŠK Kastav, Kastav"]

1. e4 e5 2. Nf3 Nf6 3. Nc3 Nc6 4. Bc4 Bc5 5. d3 d6 6. a3 Bg4 7. h3 Bh5 8. g4
Bg6 9. Bg5 h6 10. Bh4 Nd4 11. Nd5 c6 12. Nxf6+ gxf6 13. Nxd4 Bxd4 14. c3 Bb6
15. Qf3 Qd7 16. Bxf6 Rh7 17. Rg1 Bd8 18. h4 Be7 19. h5 O-O-O 20. hxg6 1-0

[Event "I HSL seniorke 2019"]
[Site "Mali Losinj"]
[Date "2019.10.04"]
[Round "8.34"]
[White "Okanovic, Jasmina"]
[Black "Ascic, Josipa"]
[Result "0-1"]
[WhiteElo "1633"]
[BlackElo "1692"]
[PlyCount "110"]
[EventDate "2019.09.28"]
[WhiteTeam "ŠK Kastav, Kastav"]
[BlackTeam "ŠK Đakovo-Lim-Mont, Đakovo"]

1. d4 d5 2. Bf4 Nf6 3. e3 c5 4. c3 Qb6 5. Qb3 c4 6. Qxb6 axb6 7. Nd2 Bf5 8.
Ngf3 h6 9. h3 e6 10. Be2 b5 11. a3 b4 12. O-O bxa3 13. Bxb8 Rxb8 14. bxa3 Bd6
15. Rfc1 b5 16. Ne1 Kd7 17. Bd1 Ra8 18. Nc2 Ra5 19. a4 Rha8 20. axb5 Rxa1 21.
Rxa1 Rxa1 22. Nxa1 Kc7 23. Bc2 Kb6 24. Bxf5 exf5 25. Nc2 Kxb5 26. f3 Bc7 27.
Kf1 Ba5 28. Nb1 Ka4 29. Ke2 Kb3 30. Kd2 Kb2 31. Nca3 Bd8 32. Ke2 Be7 33. Nxc4+
dxc4 34. Nd2 Kxc3 35. g3 Bd6 36. g4 f4 37. d5 fxe3 38. Kxe3 Nxd5+ 39. Ke2 Bf4
40. Ne4+ Kb3 41. Nc5+ Kc2 42. h4 Nc3+ 43. Kf2 Kd2 44. Kg2 Nd5 45. Ne4+ Ke2 46.
h5 c3 47. Nxc3+ Nxc3 48. Kh3 Kxf3 49. Kh4 Bg5+ 50. Kh3 Kf4 51. Kh2 Kxg4 52. Kg2
Kxh5 53. Kh3 f5 54. Kg3 f4+ 55. Kf3 Kh4 0-1

[Event "I HSL seniorke 2019"]
[Site "Mali Losinj"]
[Date "2019.10.04"]
[Round "8.42"]
[White "Medic, Mirjana"]
[Black "Radikovic, Anamarija"]
[Result "1-0"]
[WhiteElo "2186"]
[BlackElo "1929"]
[PlyCount "91"]
[EventDate "2019.09.28"]
[WhiteTeam "ŠK Polet, Buševec"]
[BlackTeam "ŠŠK Konaki, Novo Virje"]

1. d4 Nf6 2. Nf3 g6 3. c4 Bg7 4. g3 O-O 5. Bg2 d6 6. O-O Nbd7 7. Nc3 e5 8. h3
c6 9. e4 exd4 10. Nxd4 Qb6 11. Nc2 Ne5 12. b3 Rd8 13. Ne3 Nh5 14. Na4 Qc7 15.
Bb2 a6 16. Nc3 b5 17. Qe2 Be6 18. cxb5 axb5 19. Kh2 Nd7 20. Rfc1 Qb6 21. f4 Nc5
22. Bf3 Nf6 23. b4 Na4 24. Nxa4 Rxa4 25. a3 d5 26. e5 Ne4 27. Nc2 Qf2+ 28. Qxf2
Nxf2 29. Be2 g5 30. Nd4 gxf4 31. gxf4 Bh6 32. Rg1+ Kh8 33. f5 c5 34. fxe6 cxd4
35. e7 Re8 36. Bxd4 Bf4+ 37. Kg2 Ne4 38. Bxb5 Raa8 39. Bxe8 Rxe8 40. Kf3 Bh6
41. b5 Rxe7 42. b6 Nd2+ 43. Ke2 Nb3 44. Kd3 Bg7 45. Rxg7 Kxg7 46. Rb1 1-0